Ricostruisci la Carriera del Calciatore - Antonio Di Natale - Statistics

Statistiche generali
  • Questo quiz è stato fatto 36 volte
  • Il punteggio medio è 4 su 6
Statistiche sulle risposte
Hint Risposta % Corretto
2004-2016 Udinese
90%
1997-1998 Iperzola
72%
1999-2004 Empoli
69%
1998 Varese
62%
1998-1999 Viareggio
48%
1996-1997 Empoli
38%
Nessun quiz corrispondente trovato
Distribuzione punteggi
Percentuale di utenti per punteggio
Percentile per numero di risposta
I tuoi punteggi nel tempo
Non hai fatto questo quiz